000 00869nam a22002177a 4500
003 OSt
005 20210305215646.0
008 210305t2002 ck ||||fr|||| 00| 0 spa d
020 _a9588192021
040 _aCO-JMCR
_cCO-JMCR
041 0 _aspa
082 0 4 _a341.754 /
_bR252d
_223
100 1 _aRavassa Moreno, Gerardo José,
_eautor
_914485
245 1 0 _aDerecho mercantil internacional :
_bprincipios y normas /
_cGerardo José Ravassa Moreno
260 _aMedellín :
_bEdiciones jurídicas Gustavo Ibañez : Universidad Santo Tomás,
_c©2002
300 _a380 páginas ;
_c24 cm.
505 0 _aFormación del derecho mercantil internacional -- Teoría general del derecho mercantil internacional -- Autonomía de la voluntad y conflictos de leyes
650 1 4 _aDerecho comercial
_914428
650 2 4 _aComercio exterior
_xlegislación
_914486
942 _2ddc
_cBK
999 _c7474
_d7474